Famous 'Sporcle' Quotes Quiz Stats

 Plays Quiz Updated Nov 13, 2013

Support Sporcle.
Go Orange.
Score 0/20 Timer 08:00
1 Play Today
Sporcle Quote Replaced Word(s) % Correct
'That's one small step for a man; one giant leap for [clickable mines].'mankind
99.3%
'The only thing we have to fear is... [THE MANATEE!]'fear itself
74.1%
'Do or do not. There is no [give up].'try
68.7%
'Well, when the [moderator] does it, that means that it is not illegal.'President
64.8%
'Life is not measured by the number of [country quizzes] we take,
but by the moments that take our breath away.'
breaths
63.3%
'[Mines Quizzes]: doing the same thing over and over again and expecting different results.'Insanity
62.6%
'You miss 100% of the [quizzes] you don't take.'shots
61.6%
'[Ratings are] such sweet sorrow.'Parting is
54.7%
'I have a dream that my four little children will one day live in a nation where they will not be judged by the color of their skin, but by the content of their [movie quizzes].'character
54.3%
'I have never let my schooling interfere with my [Sporcle addiction].'education
54.2%
Sporcle Quote Replaced Word(s) % Correct
'Walking with [dolebanana] in the dark is better than walking alone in the light.'a friend
47.5%
'Don't stay in bed, unless you can make [quizzes] in bed.'money
42.3%
'Well behaved women rarely make [television quizzes].'history
39.7%
'Only two things are infinite, [sporcle.com] and human stupidity,
and I'm not sure about the former.'
the universe
36.3%
'[Editors] can make you feel inferior without your permission.'No one
33.6%
'You either get tired fighting for [editor's picks], or you die.'peace
31.3%
'[Sporcle] is one percent inspiration, ninety-nine percent perspiration.'Genius
29.4%
'I took a speed reading course and read 'War and Peace' in twenty minutes.
It involves [Kyrgyzstan].'
Russia
29.3%
'It's kind of fun to do the [daily dose].'impossible
13.4%
'Always [down-vote] your enemies; nothing annoys them so much.'forgive
8.6%

You're not logged in!

Compare scores with friends on all Sporcle quizzes.
OR
Log In

From the Vault

Word Laddyrinth VIII

by betraisefold

There is no escape! (Unless you close your browser.)
Remove Ads.
Support Sporcle.
Get the best of Sporcle when you Go Orange. This ad-free experience offers more features, more stats, and more fun while also helping to support Sporcle. Thank you for becoming a member.

Show Comments

Extras

Top Quizzes Today


Score Distribution

Your Account Isn't Verified!

In order to create a playlist on Sporcle, you need to verify the email address you used during registration. Go to your Sporcle Settings to finish the process.

Report this User

Report this user for behavior that violates our Community Guidelines.

Details: